David Wilson Homes v Survey Services Ltd (in Lquidation) and Another (Record no. 67935)

MARC details
000 -LEADER
fixed length control field 01004cam a2200217 4500
001 - CONTROL NUMBER
control field X113986
008 - FIXED-LENGTH DATA ELEMENTS--GENERAL INFORMATION
fixed length control field 010807n2001 000 0 eng u
035 ## - SYSTEM CONTROL NUMBER
System control number (Sirsi) u113986
245 ## - TITLE STATEMENT
Title David Wilson Homes v Survey Services Ltd (in Lquidation) and Another
260 ## - PUBLICATION, DISTRIBUTION, ETC.
Date of publication, distribution, etc. 2001
490 ## - SERIES STATEMENT
Series statement Building Law Reports
Volume/sequential designation 6 [2001] 267-271(5)
520 ## - SUMMARY, ETC.
Summary, etc. CA 18 January 2001. Arbitration agreement - Abitration Act 1996 s6 - Insurance policy - Reference of disputes to Queen's Counsel - Stay of proceedings
650 ## - SUBJECT ADDED ENTRY--TOPICAL TERM
Topical term or geographic name entry element MANAGEMENT-DISPUTE AVOIDANCE, MANAGEMENT AND RESOLUTION-DISPUTE MANAGEMENT AND RESOLUTION-ARBITRATION
650 ## - SUBJECT ADDED ENTRY--TOPICAL TERM
Topical term or geographic name entry element ARBITRATION ACT 1996 S6
650 ## - SUBJECT ADDED ENTRY--TOPICAL TERM
Topical term or geographic name entry element DAVID WILSON HOMES LIMITED V SURVEY SERVICES LTD (NOW IN LIQUIDATION) AND MARSHALL
650 ## - SUBJECT ADDED ENTRY--TOPICAL TERM
Topical term or geographic name entry element Insurance
9 (RLIN) 6249
650 ## - SUBJECT ADDED ENTRY--TOPICAL TERM
Topical term or geographic name entry element STAY OF PROCEEDINGS
650 ## - SUBJECT ADDED ENTRY--TOPICAL TERM
Topical term or geographic name entry element THIRD PARTIES (RIGHTS AGAINST INSURERS) ACT 1930
690 ## - LOCAL SUBJECT ADDED ENTRY--TOPICAL TERM (OCLC, RLIN)
Topical term or geographic name as entry element MANGEMENT-DISPUTE AVOIDANCE, MANAGEMENT AND RESOLUTION-DISPUTE MANAGEMENT AND RESOLUTION
942 ## - ADDED ENTRY ELEMENTS (KOHA)
Suppress in OPAC 0
Holdings
Withdrawn status Lost status Source of classification or shelving scheme Damaged status Not for loan Home library Current library Shelving location Date acquired Total Checkouts Barcode Date last seen Copy number Price effective from Koha item type
    Dewey Decimal Classification     London London Journal article 07/08/2001   113986-1001 06/08/2019 1 06/08/2019 Law report